|
|
|
|
| LEADER |
02413 a2200373 4500 |
| 001 |
45423 |
| 003 |
BD-DhAAL |
| 005 |
20260302150720.0 |
| 008 |
260302t2024 bg a|||| b||| 001 0 eng d |
| 020 |
|
|
|a 9781032861159 (pbk)
|
| 020 |
|
|
|a 9781003411260 (ebk)
|
| 040 |
|
|
|a BD-DhAAL
|c BD-DhAAL
|
| 082 |
|
|
|a 954.92
|2 22
|
| 245 |
|
|
|a Fifty years of Bangladesh :
|b economy, politics, society and culture /
|c edited by Rounaq Jahan, Rehman Sobhan.
|
| 260 |
|
|
|a London :
|b Routledge,
|c c2024.
|
| 300 |
|
|
|a xxiv, 292 pages :
|b illustrations ;
|c 23 cm
|
| 490 |
|
1 |
|a Routledge contemporary South Asia series
|
| 504 |
|
|
|a Includes bibliographical references and index.
|
| 526 |
1 |
|
|x Dr. Syed M Hashemi
Professor
School of General Education
Course Name and No.: Course name : Emergence of Bangladesh (EMB 101)
|
| 541 |
8 |
|
|a University press limited
|e 45423, 45424, 45425, 45426
|
| 650 |
|
|
|a Bangladesh
|
| 651 |
|
|
|a Bangladesh
|x History.
|
| 651 |
|
|
|a Bangladesh
|x Economic conditions.
|
| 651 |
|
|
|a Bangladesh
|x Politics and government
|y 1971-
|
| 651 |
|
|
|a Bangladesh
|x Social conditions.
|
| 700 |
|
|
|a Jahan, Rounaq.
|
| 700 |
|
|
|a Sobhan, Rehman
|
| 830 |
|
0 |
|a Routledge contemporary South Asia series
|
| 942 |
|
|
|c BK
|2 ddc
|
| 999 |
|
|
|c 47007
|d 47007
|
| 952 |
|
|
|0 0
|1 0
|2 ddc
|4 0
|6 954_920000000000000_FIF
|7 0
|9 78827
|a SCL
|b SCL
|c GEN
|d 2026-03-02
|e Books Paradise
|g 1800.00
|l 0
|o 954.92 FIF
|p 3020045426
|r 2026-03-02
|t 4
|v 3600.00
|w 2026-03-02
|y BK
|x Requisitioned by Prof. Syed M Hashemi for the course named "Emergence of Bangladesh (EMB 101)".
|
| 952 |
|
|
|0 0
|1 0
|2 ddc
|4 0
|6 954_920000000000000_FIF
|7 0
|9 78828
|a BRACUL
|b BRACUL
|c GEN
|d 2026-03-02
|e Books Paradise
|g 1800.00
|l 1
|o 954.92 FIF
|p 3010045424
|r 2026-05-13
|s 2026-03-31
|t 2
|v 3600.00
|w 2026-03-02
|y BK
|x Requisitioned by Prof. Syed M Hashemi for the course named "Emergence of Bangladesh (EMB 101)".
|
| 952 |
|
|
|0 0
|1 0
|2 ddc
|4 0
|6 954_920000000000000_FIF
|7 0
|9 78829
|a BRACUL
|b BRACUL
|c NEW
|d 2026-03-02
|e University Press Limited
|g 1800.00
|l 1
|m 4
|o 954.92 FIF
|p 3010045423
|q 2026-06-02
|r 2026-04-23
|s 2026-04-23
|t 1
|v 3600.00
|w 2026-03-02
|y BK
|x Requisitioned by Prof. Syed M Hashemi for the course named "Emergence of Bangladesh (EMB 101)".
|
| 952 |
|
|
|0 0
|1 0
|2 ddc
|4 0
|6 954_920000000000000_FIF
|7 0
|9 78830
|a SCL
|b SCL
|c GEN
|d 2026-03-02
|e Books Paradise
|g 1800.00
|l 0
|o 954.92 FIF
|p 3020045425
|r 2026-03-02
|t 3
|v 3600.00
|w 2026-03-02
|y BK
|x Requisitioned by Prof. Syed M Hashemi for the course named "Emergence of Bangladesh (EMB 101)".
|